[Event "Moscow Open 2009 B"]
[Site "www.moscowchessopen.ru"]
[Date "2009.02.06"]
[Round "7.157"]
[White "Matsokina, Evgenia"]
[Black "Parakhoni, Anna"]
[Result "1/2-1/2"]
[WhiteElo "2036"]
[BlackElo "1793"]
[Annotator ""]
[Source ""]
[Remark ""]

1.e4 d5 2.exd5 Qxd5 3.Nc3 Qa5 4.d4 Nf6 5.Nf3 Bg4 6.Be2 e6 7.O-O
c6 8.Bd2 Qc7 9.Ne5 Bxe2 10.Qxe2 Bd6 11.h3 O-O 12.Bg5 Nd5 13.Ng4
Nd7 14.Ne4 Bf4 15.c4 N5b6 16.Ne3 Bxg5 17.Nxg5 Nf6 18.Qf3 e5 19.Qg3
Rfe8 20.Nf5 Nh5 21.Qh4 Nf6 22.Nf3 exd4 23.Qg5 g6 24.Nh6+ Kg7
25.Nf5+ Kg8 26.Nh6+ Kg7 27.Nxd4 1/2-1/2

[Event "Moscow Open 2009 B"]
[Site "www.moscowchessopen.ru"]
[Date "2009.02.06"]
[Round "7.158"]
[White "Smagin, Nikita"]
[Black "Magdalinskaya, Evgenia"]
[Result "1-0"]
[WhiteElo "2034"]
[BlackElo "1800"]
[Annotator ""]
[Source ""]
[Remark ""]

1.d4 Nf6 2.c4 b6 3.Nc3 e6 4.a3 Bb7 5.Nf3 Be7 6.e3 O-O 7.Bd3 d5
8.O-O Ne4 9.Qc2 f5 10.b4 Nxc3 11.Qxc3 dxc4 12.Bxc4 Bxf3 13.gxf3
Rf6 14.Bb2 Bd6 15.f4 Nd7 16.f3 Qe7 17.Rad1 Rg6+ 18.Kh1 Rf8 19.Qd2
Nf6 20.Rg1 Rxg1+ 21.Rxg1 Nd5 22.Qe1 c6 23.e4 fxe4 24.fxe4 Nxf4
25.d5 g6 26.dxc6 Qc7 27.Qc3 Qxc6 28.Qg7# 1-0

[Event "Moscow Open 2009 B"]
[Site "www.moscowchessopen.ru"]
[Date "2009.02.06"]
[Round "7.159"]
[White "Lagoda, Vladimir"]
[Black "Klyuev, Alexander S"]
[Result "1-0"]
[WhiteElo "2032"]
[BlackElo "1755"]
[Annotator ""]
[Source ""]
[Remark ""]

1.e4 e6 2.d4 b6 3.Nc3 Bb7 4.Bd3 Bb4 5.Bd2 Nf6 6.Qe2 d5 7.e5 Nfd7
8.Qg4 g6 9.f4 a6 10.Nf3 c5 11.a3 cxd4 12.axb4 dxc3 13.bxc3 b5
14.Be3 Nc6 15.Nd4 Nxd4 16.Bxd4 Qe7 17.Qg5 h6 18.Qxe7+ Kxe7 19.Kd2
Rhg8 20.g4 Rg7 21.Raf1 Rc8 22.Rf2 Rgg8 23.Rhf1 f5 24.exf6+ Nxf6
25.g5 hxg5 26.fxg5 Nd7 27.Rf7+ Kd6 28.Rh7 e5 29.Bxe5+ Kxe5 30.Rxd7
Bc6 31.Ra7 d4 32.cxd4+ Kxd4 33.Rxa6 Rh8 34.Bxg6 Rxh2+ 35.Kc1
Be4 36.Rd1+ Ke5 37.Bxe4 Kxe4 38.Rd2 Rh1+ 39.Kb2 Rg1 40.g6 Rg8
41.Rdd6 Rg2 42.Rac6 Ke5 43.Rb6 Rg4 44.Kb3 Rg3+ 45.c3 Rc8 46.Rdc6
Rxc6 47.Rxc6 Kd5 48.Rc5+ Kd6 49.Rxb5 Kc6 50.Rf5 Rxg6 1-0

[Event "Moscow Open 2009 B"]
[Site "www.moscowchessopen.ru"]
[Date "2009.02.06"]
[Round "7.160"]
[White "Bissembayev, Baurzjan"]
[Black "Yusubov, Timur"]
[Result "1-0"]
[WhiteElo "1400"]
[BlackElo "2023"]
[Annotator ""]
[Source ""]
[Remark ""]

1.d4 d5 2.Nf3 Bf5 3.c4 e6 4.Nc3 Nf6 5.Qb3 Nc6 6.a3 Be7 7.c5 Rb8
8.e3 O-O 9.Bb5 Na5 10.Qa4 c6 11.Be2 b5 12.cxb6 Qxb6 13.b4 Nb7
14.O-O a5 15.Ne5 Rfc8 16.g4 axb4 17.axb4 Bxb4 18.Na2 Ra8 19.Qxb4
Qxb4 20.Nxb4 Rxa1 21.gxf5 exf5 22.Nexc6 Kf8 23.Bb2 Rxf1+ 24.Bxf1
Nd8 25.Ba3 Nxc6 26.Nxc6+ Ke8 27.Bb5 Ra8 28.Ne5+ Kd8 29.Nxf7+
Kc7 30.Bd6+ Kb6 31.Bd3 Ne4 32.Be5 Ra1+ 33.Kg2 Ra2 34.Bxe4 fxe4
35.Ng5 h6 36.Ne6 g6 37.Nf4 Ra5 38.Nxg6 Ra8 39.h4 Rg8 40.h5 Kc6
41.Bf4 Kd7 42.Bxh6 Kc6 43.Bg5 1-0

[Event "Moscow Open 2009 B"]
[Site "www.moscowchessopen.ru"]
[Date "2009.02.06"]
[Round "7.161"]
[White "Burkov, Dmitriy"]
[Black "Rigovich, Albert"]
[Result "0-1"]
[WhiteElo "1400"]
[BlackElo "2016"]
[Annotator ""]
[Source ""]
[Remark ""]

1.d4 Nf6 2.c4 g6 3.Nc3 Bg7 4.g3 d6 5.Bg2 O-O 6.Nf3 Nbd7 7.O-O
e5 8.e4 c6 9.h3 Qb6 10.Na4 Qc7 11.Re1 Re8 12.Nc3 a5 13.d5 Nc5
14.Qc2 Nh5 15.Be3 f5 16.Bxc5 dxc5 17.Rad1 Nf6 18.dxc6 bxc6 19.Nd2
f4 20.Na4 fxg3 21.fxg3 Nh5 22.Kh2 Qe7 23.Nf1 Be6 24.b3 Rf8 25.Qd2
Rfd8 26.Qe3 Rd4 27.Rd3 Rad8 28.Red1 Qf8 0-1

[Event "Moscow Open 2009 B"]
[Site "www.moscowchessopen.ru"]
[Date "2009.02.06"]
[Round "7.162"]
[White "Pankov, Gennady"]
[Black "Ashirov, Sanzhar"]
[Result "1-0"]
[WhiteElo "2014"]
[BlackElo "1400"]
[Annotator ""]
[Source ""]
[Remark ""]

1.e4 c5 2.Nf3 e6 3.d4 cxd4 4.Nxd4 a6 5.Bd3 Nf6 6.Be3 Qc7 7.Nd2
d6 8.f4 Be7 9.h3 Nbd7 10.N4f3 O-O 11.g4 Ne8 12.h4 b5 13.g5 d5
14.e5 Nc5 15.Bxc5 Bxc5 16.Qe2 Rb8 17.h5 Qa7 18.O-O-O Bb7 19.g6
fxg6 20.hxg6 h6 21.Ng5 Bc8 22.Nf7 Rxf7 23.gxf7+ Qxf7 24.Qg4 Kf8
25.Bg6 Qe7 26.Nf3 Be3+ 27.Kb1 Qb4 28.Rhf1 1-0

[Event "Moscow Open 2009 B"]
[Site "www.moscowchessopen.ru"]
[Date "2009.02.06"]
[Round "7.163"]
[White "Galstyan, Hayk"]
[Black "Bessarab, Vsevolod"]
[Result "0-1"]
[WhiteElo "1400"]
[BlackElo "1990"]
[Annotator ""]
[Source ""]
[Remark ""]

1.e4 e5 2.Nf3 Nc6 3.Bc4 Nf6 4.O-O Nxe4 5.d4 exd4 6.Re1 d5 7.Bb5
Bc5 8.Ng5 O-O 9.Nxe4 dxe4 10.Rxe4 Re8 11.Rxe8+ Qxe8 12.Bf4 Bb6
13.Na3 a6 14.Bd3 Be6 15.Qh5 g6 16.Qh4 Qe7 17.Bg5 Qd7 18.Bf6 Bc5
19.Nc4 Bxc4 20.Bxc4 Re8 21.Rd1 Be7 22.g3 Bxf6 23.Qxf6 Qe7 24.Qf4
Rd8 25.h4 Rd6 26.Bb3 Rf6 27.Qg4 h5 28.Qc8+ Kg7 29.Qxb7 Qe2 30.Rf1
Ne5 31.f4 c6 32.Rf2 Qe3 33.Qxa6 Qxg3+ 34.Kf1 d3 35.cxd3 Nxd3
36.Rd2 Rxf4+ 0-1

[Event "Moscow Open 2009 B"]
[Site "www.moscowchessopen.ru"]
[Date "2009.02.06"]
[Round "7.164"]
[White "Gorulev, Alexandr"]
[Black "Popov, Andrey"]
[Result "0-1"]
[WhiteElo "1400"]
[BlackElo "1988"]
[Annotator ""]
[Source ""]
[Remark ""]

1.e4 e5 2.Nf3 Nc6 3.Bb5 a6 4.Ba4 Nf6 5.O-O Be7 6.Re1 b5 7.Bb3
d6 8.c3 O-O 9.h3 Bb7 10.d4 Re8 11.Ng5 Rf8 12.Nf3 Re8 13.a4 h6
14.d5 Na5 15.Nbd2 c6 16.axb5 axb5 17.dxc6 Nxb3 18.Rxa8 Bxa8 19.Qxb3
Bxc6 20.Qc2 Qa8 21.Nh2 Bd8 22.Nhf1 Bb6 23.Ng3 d5 24.exd5 Bxd5
25.Nde4 Nxe4 26.Nxe4 Rd8 27.Kh2 f5 28.Ng3 f4 29.Nh5 Qc6 30.Rxe5
Bc7 31.Re7 Bf7 32.Qf5 Rf8 33.Qg4 g6 34.Nxf4 Qc5 35.Re2 h5 36.Qd7
g5 37.g3 gxf4 38.gxf4 Qc4 39.Re7 Bxf4+ 40.Bxf4 Qxf4+ 41.Kg1 Qg5+
42.Kh2 Bd5 43.Rg7+ Qxg7 44.Qxd5+ Kh7 0-1

[Event "Moscow Open 2009 B"]
[Site "www.moscowchessopen.ru"]
[Date "2009.02.06"]
[Round "7.165"]
[White "Pozdeev, Nikita"]
[Black "Nikitin, Anatoly"]
[Result "1-0"]
[WhiteElo "1988"]
[BlackElo "1400"]
[Annotator ""]
[Source ""]
[Remark ""]

1.e4 c5 2.Nf3 d6 3.d4 cxd4 4.Nxd4 Nf6 5.Nc3 a6 6.Bg5 e6 7.f4
Nbd7 8.Qf3 Be7 9.O-O-O Qc7 10.Bd3 b5 11.Rhe1 Bb7 12.Nd5 Nxd5
13.exd5 Bxg5 14.Rxe6+ Be7 15.Rde1 fxe6 16.Nxe6 Qa5 17.Qh5+ 1-0

[Event "Moscow Open 2009 B"]
[Site "www.moscowchessopen.ru"]
[Date "2009.02.06"]
[Round "7.166"]
[White "Borzov, Roman"]
[Black "Kovach, Dmitri"]
[Result "0-1"]
[WhiteElo "1986"]
[BlackElo "1400"]
[Annotator ""]
[Source ""]
[Remark ""]

1.e4 c5 2.Nf3 d6 3.d4 cxd4 4.Nxd4 Nf6 5.Nc3 a6 6.Be2 e6 7.O-O
Be7 8.Be3 b5 9.Bd3 Bb7 10.f3 Nbd7 11.Nce2 Rc8 12.Ng3 Ne5 13.c3
O-O 14.f4 Nxd3 15.Qxd3 Qc7 16.f5 e5 17.Nc2 d5 18.exd5 Bxd5 19.Rfd1
Bc4 20.Qd2 Rfd8 21.Qf2 Rxd1+ 22.Rxd1 Bxa2 23.Nb4 Ng4 0-1

[Event "Moscow Open 2009 B"]
[Site "www.moscowchessopen.ru"]
[Date "2009.02.06"]
[Round "7.167"]
[White "Losev, Sergey"]
[Black "Nurullin, Eldar"]
[Result "0-1"]
[WhiteElo "1985"]
[BlackElo "1400"]
[Annotator ""]
[Source ""]
[Remark ""]

1.d4 Nf6 2.c4 g6 3.Nc3 d5 4.e3 Bg7 5.Bd3 O-O 6.Nge2 c5 7.O-O
cxd4 8.exd4 dxc4 9.Bxc4 Nc6 10.a3 e6 11.Be3 b6 12.b4 Bb7 13.Qb3
Qe7 14.Rad1 Rad8 15.Bg5 h6 16.Bh4 g5 17.Bg3 Nh5 18.d5 Nxg3 19.Nxg3
Nd4 20.Rxd4 Bxd4 21.dxe6 fxe6 22.Bxe6+ Kh8 23.Nce2 Be5 24.Nf5
Qf6 25.Neg3 Bxg3 26.Nxg3 Rde8 27.Bc4 Re1 28.Qa2 Rxf1+ 29.Bxf1
Qd4 30.Qe2 g4 31.Qc2 Qe5 32.Qd2 Qf4 33.Qd7 Qxf2+ 0-1

[Event "Moscow Open 2009 B"]
[Site "www.moscowchessopen.ru"]
[Date "2009.02.06"]
[Round "7.168"]
[White "Tutunnikov, Nikolay"]
[Black "Obrezchikov, Mikhail"]
[Result "1-0"]
[WhiteElo "1400"]
[BlackElo "1983"]
[Annotator ""]
[Source ""]
[Remark ""]

1.e4 e6 2.d4 d5 3.Nc3 Nf6 4.Bg5 Be7 5.e5 Nfd7 6.Bxe7 Qxe7 7.f4
a6 8.Nf3 c5 9.dxc5 Nxc5 10.Qd2 b5 11.a3 Nc6 12.b4 Nd7 13.Bd3
Bb7 14.O-O g6 15.Ne2 Nb6 16.Ned4 Nc4 17.Qf2 Nxd4 18.Nxd4 Rc8
19.Nb3 Rc6 20.Qd4 O-O 21.Nc5 Bc8 22.a4 bxa4 23.Rxa4 a5 24.c3
axb4 25.cxb4 Nb6 26.Ra5 f6 27.Bb5 fxe5 28.Qxe5 Rxc5 29.bxc5 Qxc5+
30.Kh1 Qb4 31.Ra7 Rf7 32.Rxf7 Kxf7 33.Qc7+ 1-0

[Event "Moscow Open 2009 B"]
[Site "www.moscowchessopen.ru"]
[Date "2009.02.06"]
[Round "7.169"]
[White "Sidorov, Kirill"]
[Black "Zaitsev, Alexandr A"]
[Result "1/2-1/2"]
[WhiteElo "1981"]
[BlackElo "1400"]
[Annotator ""]
[Source ""]
[Remark ""]

1.d4 e6 2.Nf3 b6 3.g3 Bb7 4.Bg2 Nf6 5.O-O Be7 6.c4 O-O 7.Nc3
d5 8.b3 Nbd7 9.Bb2 dxc4 10.bxc4 Bb4 11.Qb3 Bxc3 12.Qxc3 c5 13.Rfd1
cxd4 14.Qxd4 Qc7 15.g4 Rfd8 16.g5 Nc5 17.Qh4 Nfe4 18.g6 fxg6
19.Be5 Rxd1+ 20.Rxd1 g5 21.Bxc7 gxh4 22.Nxh4 Rc8 23.Be5 Ba6 24.Bxe4
Nxe4 25.Rd7 Nf6 26.Rxa7 Bxc4 27.e4 Bd3 28.f3 Rc1+ 29.Kf2 Rc8
30.Ke3 Bc4 31.Ng2 Rd8 32.Nf4 Nd7 33.Bc7 Rc8 34.Nd3 Bxa2 35.Bxb6
Nxb6 36.Rxa2 Kf7 1/2-1/2

[Event "Moscow Open 2009 B"]
[Site "www.moscowchessopen.ru"]
[Date "2009.02.06"]
[Round "7.170"]
[White "Minnehanov, Eldar"]
[Black "Pshekhotskiy, Alexander"]
[Result "0-1"]
[WhiteElo "1979"]
[BlackElo "1400"]
[Annotator ""]
[Source ""]
[Remark ""]

1.e4 d6 2.d4 Nf6 3.Nc3 g6 4.f4 Bg7 5.Nf3 O-O 6.Bd3 e5 7.fxe5
dxe5 8.d5 c6 9.dxc6 Nxc6 10.Bg5 Qb6 11.Bxf6 Bxf6 12.Nd5 Qd8 13.O-O
Bg7 14.c3 Be6 15.Be2 f5 16.Nd2 f4 17.b4 Ne7 18.Nxe7+ Qxe7 19.Bc4
Rac8 20.Qb3 Rxc4 21.Nxc4 Qc7 22.Rfd1 Bxc4 23.Qa4 Qb6+ 24.Kh1
f3 25.gxf3 Qf2 26.Qd7 Qxf3+ 27.Kg1 Qe3+ 28.Kh1 Qxe4+ 29.Kg1 Qe3+
30.Kh1 Qf3+ 31.Kg1 Bh6 0-1

[Event "Moscow Open 2009 B"]
[Site "www.moscowchessopen.ru"]
[Date "2009.02.06"]
[Round "7.171"]
[White "Zhukov, Daniil A"]
[Black "Sangadzhiev, German"]
[Result "1-0"]
[WhiteElo "1400"]
[BlackElo "2180"]
[Annotator ""]
[Source ""]
[Remark ""]

1.e4 c5 2.Nf3 d6 3.d4 cxd4 4.Nxd4 Nf6 5.Nc3 a6 6.Be3 e5 7.Nb3
Be6 8.f3 Be7 9.Qd2 b5 10.O-O-O Nbd7 11.g4 Nb6 12.Bxb6 Qxb6 13.h4
O-O 14.Kb1 b4 15.Nd5 Bxd5 16.exd5 a5 17.h5 a4 18.Na1 Ra5 19.Bc4
Rc8 20.g5 Rxc4 21.gxf6 Bxf6 22.Qd3 Rd4 23.Qe2 Raxd5 24.Rdf1 Rd2
25.Qe4 Bg5 26.Qf5 Bf6 27.h6 Qc5 28.Qd7 Kf8 29.hxg7+ Kxg7 30.Rxh7+
Kg6 31.Qxf7+ Kg5 32.Qh5+ Kf4 33.Qg4+ 1-0

[Event "Moscow Open 2009 B"]
[Site "www.moscowchessopen.ru"]
[Date "2009.02.06"]
[Round "7.172"]
[White "Basencyan, Mark"]
[Black "Aliekhin, Vladislav"]
[Result "1-0"]
[WhiteElo "1848"]
[BlackElo "2120"]
[Annotator ""]
[Source ""]
[Remark ""]

1.d4 d6 2.Nf3 Nf6 3.c4 g6 4.Nc3 Bg7 5.e4 O-O 6.Be2 e5 7.O-O Nc6
8.Bg5 h6 9.Be3 Ng4 10.Bc1 Nxd4 11.Nxd4 exd4 12.Bxg4 Bxg4 13.Qxg4
dxc3 14.bxc3 h5 15.Qh3 Qf6 16.Bd2 Qe5 17.Qd3 Rae8 18.Rae1 Qa5
19.f4 f5 20.exf5 Rxe1 21.Rxe1 Rxf5 22.Re8+ Kh7 23.Re7 Rf8 24.Be3
c5 25.h3 Qxa2 26.Re6 Rf6 27.Re7 Qa1+ 28.Kh2 Qe1 29.Rxb7 h4 30.Bd2
Qd1 31.Qe3 Rf8 32.Qe7 Rg8 33.Qxh4+ Qh5 34.Qxh5+ gxh5 35.Rxa7
Rd8 36.f5 Kg8 37.Kg3 Bf6 38.Kf3 h4 39.Kg4 Kh8 40.Kf3 d5 41.Rf7
dxc4 42.Rxf6 Rxd2 43.Rh6+ Kg7 44.Rxh4 Rd3+ 45.Kg4 Rxc3 46.Kf4
Rd3 47.Ke5 Rg3 48.Rxc4 Rxg2 49.Rg4+ 1-0

[Event "Moscow Open 2009 B"]
[Site "www.moscowchessopen.ru"]
[Date "2009.02.06"]
[Round "7.173"]
[White "Rasstriguine, Andrei"]
[Black "De Luna Butz, Alberto"]
[Result "1-0"]
[WhiteElo "2111"]
[BlackElo "1849"]
[Annotator ""]
[Source ""]
[Remark ""]

1.Nf3 Nf6 2.c4 c6 3.Nc3 d5 4.d4 a6 5.e3 b5 6.b3 Bg4 7.Be2 e6
8.Bb2 Be7 9.O-O O-O 10.h3 Bh5 11.g4 Bg6 12.Ne5 Nfd7 13.Nxg6 hxg6
14.Bf3 b4 15.Ne2 a5 16.Bg2 Na6 17.Nf4 Nb6 18.c5 Nd7 19.Nd3 Nc7
20.f4 f5 21.g5 Kf7 22.a3 bxa3 23.Bxa3 Qb8 24.Qc2 Qa7 25.Bc1 Qb7
26.Bd2 Qb5 27.Rfb1 Rfb8 28.Bf1 Qb7 29.Rxa5 Rxa5 30.Bxa5 Ra8 31.Bxc7
Qxc7 32.Rb2 Qa5 33.b4 Qc7 34.Ra2 Rxa2 35.Qxa2 Qd8 36.Kh2 Kg8
37.h4 Kh7 38.Qa6 Qc7 39.Kg3 Bd8 40.Be2 Be7 41.Bd1 Nb8 1-0

[Event "Moscow Open 2009 B"]
[Site "www.moscowchessopen.ru"]
[Date "2009.02.06"]
[Round "7.174"]
[White "Moshensky, Denis"]
[Black "Sedenko, Anatoly"]
[Result "1-0"]
[WhiteElo "1847"]
[BlackElo "2073"]
[Annotator ""]
[Source ""]
[Remark ""]

1.e4 c5 2.Nf3 Nc6 3.d4 cxd4 4.Nxd4 Nf6 5.Nc3 e5 6.Ndb5 d6 7.Bg5
a6 8.Na3 Be7 9.Bxf6 Bxf6 10.Nc4 Nd4 11.Nd5 b5 12.Nce3 Bg5 13.c3
Bxe3 14.Nxe3 Nc6 15.Qd5 Qc7 16.O-O-O Ke7 17.Qd2 Be6 18.Nd5+ Bxd5
19.exd5 Na5 20.f4 Rhd8 21.fxe5 dxe5 22.Kb1 f6 23.g4 h6 24.h4
Rd6 25.g5 Rh8 26.gxf6+ Rxf6 27.Rg1 Kd6 28.Qe3 Rhf8 1-0

[Event "Moscow Open 2009 B"]
[Site "www.moscowchessopen.ru"]
[Date "2009.02.06"]
[Round "7.175"]
[White "Baskakov, Nikolay"]
[Black "Nizhegorodtsev, Dmitry"]
[Result "1-0"]
[WhiteElo "2055"]
[BlackElo "1879"]
[Annotator ""]
[Source ""]
[Remark ""]

1.e4 e5 2.Nf3 Nc6 3.Bb5 a6 4.Ba4 Nf6 5.O-O b5 6.Bb3 Be7 7.Re1
O-O 8.c3 d6 9.h3 Nd7 10.d4 Bf6 11.a3 Na5 12.Ba2 Nc4 13.b3 Ncb6
14.Bb2 c5 15.Nbd2 Bb7 16.Nf1 Rc8 17.Ng3 g6 18.Qd2 c4 19.b4 Qe7
20.Rac1 Na4 21.Ba1 Nab6 22.Rcd1 Rcd8 23.Bb1 Rfe8 24.Bb2 Nf8 25.d5
Bg7 26.Bc1 Bc8 27.Bc2 Nbd7 28.a4 Nf6 29.Qe2 h6 30.Be3 N8h7 31.Qd2
h5 32.Ra1 Bd7 33.axb5 axb5 34.Ra7 Ra8 35.Rea1 Rxa7 36.Rxa7 Qf8
37.Qc1 Ra8 38.Qa3 Rxa7 39.Qxa7 Qc8 40.Kh2 Ne8 41.Ng1 h4 42.N3e2
f5 43.exf5 gxf5 44.f4 Nhf6 45.fxe5 dxe5 46.Nf3 Nxd5 47.Nxh4 e4
48.Bd4 Qc7+ 49.Qxc7 Ndxc7 50.Bxg7 Kxg7 51.g3 Kf6 52.Ng2 Ne6 53.h4
Ke5 54.Kg1 f4 55.gxf4+ 1-0

[Event "Moscow Open 2009 B"]
[Site "www.moscowchessopen.ru"]
[Date "2009.02.06"]
[Round "7.176"]
[White "Sokolov, Boris"]
[Black "Komov, Sergey"]
[Result "1-0"]
[WhiteElo "2015"]
[BlackElo "1809"]
[Annotator ""]
[Source ""]
[Remark ""]

1.e4 c5 2.Nf3 Nc6 3.c4 e6 4.Nc3 d6 5.d3 Qc7 6.g3 Nge7 7.Bg2 Ng6
8.Be3 Be7 9.Qd2 O-O 10.h4 a6 11.h5 Nge5 12.Nxe5 dxe5 13.Qe2 Nd4
14.Bxd4 cxd4 15.Nb1 Bb4+ 16.Kf1 Bd7 17.Nd2 b5 18.Bf3 Bxd2 19.Qxd2
bxc4 20.Rc1 Bb5 21.dxc4 Bc6 22.Rh4 Qb7 23.Re1 Rad8 24.b4 d3 25.Rg4
f6 26.Kg1 Rd4 27.h6 g6 28.a3 Qf7 29.Bd1 f5 30.Rg5 f4 31.Rxe5
Bxe4 1-0

[Event "Moscow Open 2009 B"]
[Site "www.moscowchessopen.ru"]
[Date "2009.02.06"]
[Round "7.177"]
[White "Lavshirbanov, Ruslan"]
[Black "Martov, Vadim"]
[Result "0-1"]
[WhiteElo "1791"]
[BlackElo "2002"]
[Annotator ""]
[Source ""]
[Remark ""]

1.e4 c6 2.d4 d5 3.Nc3 dxe4 4.Nxe4 Bf5 5.Ng3 Bg6 6.h4 h6 7.Nf3
Nd7 8.h5 Bh7 9.Bd3 Bxd3 10.Qxd3 e6 11.Bf4 Ngf6 12.O-O-O Be7 13.c4
O-O 14.Qd2 Kh7 15.Qc2+ Kh8 16.Kb1 a5 17.Ne5 Rc8 18.f3 b5 19.c5
Nd5 20.Bd2 Nxe5 21.dxe5 Qc7 22.f4 a4 23.Ne4 Ra8 24.Nd6 Bd8 25.a3
Qe7 26.g4 Ba5 27.Bc1 b4 28.Qxa4 bxa3 29.Qxa3 Bc3 30.Qb3 Rfb8
31.Qc4 Rb4 32.Qd3 Qa7 33.Nxf7+ Qxf7 34.Qg6 Qa7 35.Rxd5 cxd5 36.Kc2
Bxb2 37.Bxb2 Qxc5+ 38.Bc3 Ra2+ 39.Kd3 Qc4+ 0-1

[Event "Moscow Open 2009 B"]
[Site "www.moscowchessopen.ru"]
[Date "2009.02.06"]
[Round "7.178"]
[White "Kagner, Roman"]
[Black "Kochetov, Dmitri A"]
[Result "1-0"]
[WhiteElo "1737"]
[BlackElo "1995"]
[Annotator ""]
[Source ""]
[Remark ""]

1.e4 Nf6 2.e5 Nd5 3.d4 d6 4.Nf3 Bg4 5.Be2 c6 6.O-O Bxf3 7.Bxf3
dxe5 8.dxe5 e6 9.c4 Ne7 10.Qxd8+ Kxd8 11.Be4 Nd7 12.Bf4 Ng6 13.Bxg6
hxg6 14.Nc3 Be7 15.Rad1 Kc7 16.Ne4 Rh4 17.g3 Rh5 18.g4 Rhh8 19.Bg3
a5 20.f4 Rhf8 21.f5 Nc5 22.f6 gxf6 23.exf6+ Kb6 24.fxe7 Rfe8
25.Nxc5 Kxc5 26.Rxf7 Kxc4 1-0

[Event "Moscow Open 2009 B"]
[Site "www.moscowchessopen.ru"]
[Date "2009.02.06"]
[Round "7.180"]
[White "Shilnikov, Igor S"]
[Black "Tantsov, Peter"]
[Result "1-0"]
[WhiteElo "1963"]
[BlackElo "1762"]
[Annotator ""]
[Source ""]
[Remark ""]

1.d4 d5 2.Nf3 Nf6 3.c4 c6 4.Nc3 Bf5 5.e3 e6 6.Qb3 b6 7.h3 Nbd7
8.Be2 Bd6 9.Bd2 O-O 10.g4 Bg6 11.O-O-O Ne4 12.Be1 f5 13.Ne5 Nxe5
14.dxe5 Bxe5 15.f4 Nxc3 16.Bxc3 Bxc3 17.Qxc3 Qf6 18.Qb3 Qe7 19.g5
Rfc8 20.Kb1 Be8 21.h4 b5 22.cxd5 cxd5 23.Rc1 Qb7 24.h5 h6 25.gxh6
gxh6 26.Rhg1+ Kh7 27.Qb4 a6 28.Qd6 Qd7 29.Qe5 Rxc1+ 30.Rxc1 Rc8
31.Rxc8 Qxc8 32.Qd6 Bf7 33.a4 bxa4 34.Bxa6 Qe8 35.Be2 Qa8 36.Qc7
Kg7 37.Bb5 Kg8 38.Be2 d4 39.Qe5 dxe3 40.Qxe3 Qh1+ 41.Kc2 Qe4+
42.Qxe4 fxe4 43.Kc3 Be8 44.Kd4 Kg7 45.Ke5 Kf7 46.Kxe4 1-0

[Event "Moscow Open 2009 B"]
[Site "www.moscowchessopen.ru"]
[Date "2009.02.06"]
[Round "7.181"]
[White "Lushnikov, Evgeny"]
[Black "Marder, Elena"]
[Result "1-0"]
[WhiteElo "1961"]
[BlackElo "1747"]
[Annotator ""]
[Source ""]
[Remark ""]

1.e4 c5 2.Nf3 d6 3.Bb5+ Nd7 4.d4 cxd4 5.Qxd4 e5 6.Qd3 Ngf6 7.Bg5
a6 8.Bxd7+ Bxd7 9.Nc3 Bc6 10.O-O-O Be7 11.Bxf6 gxf6 12.Nh4 Qd7
13.Nf5 O-O-O 14.Nd5 Bxd5 15.Qxd5 Bf8 16.Rd3 Qe6 17.Rhd1 Qxd5
18.Rxd5 Kc7 19.c4 b6 20.b4 Rg8 21.g3 Rc8 22.Kb2 Kb7 23.Kb3 Rc6
24.a4 Kc7 25.Ra1 Kd7 26.b5 Rc5 27.bxa6 Ra5 28.Rad1 Rxa6 29.Nxd6
Bxd6 30.Rxd6+ Ke7 31.Rd7+ Kf8 32.R1d6 Kg7 33.c5 1-0

[Event "Moscow Open 2009 B"]
[Site "www.moscowchessopen.ru"]
[Date "2009.02.06"]
[Round "7.182"]
[White "Procop, Egor"]
[Black "Voronkov, Denis"]
[Result "1/2-1/2"]
[WhiteElo "1739"]
[BlackElo "1960"]
[Annotator ""]
[Source ""]
[Remark ""]

1.e4 e6 2.d4 d5 3.e5 c5 4.c3 Nc6 5.Nf3 Qb6 6.a3 a5 7.b3 Nge7
8.Be3 Nf5 9.Bd3 g6 10.O-O Bd7 11.Bc2 Rc8 12.a4 cxd4 13.cxd4 Nb4
14.Bxf5 gxf5 15.Na3 Na6 16.Ng5 h6 17.Qh5 hxg5 18.Qxh8 f4 19.Nb5
Bxb5 20.axb5 fxe3 21.bxa6 e2 22.Rfe1 Qxa6 23.Qh5 Rc2 24.Rac1
Rxc1 25.Rxc1 Qb5 26.Qxg5 Qc6 27.Qe3 Qxc1+ 28.Qxc1 Bb4 29.Qc8+
Ke7 30.Qc7+ Kf8 31.Qd8+ 1/2-1/2

[Event "Moscow Open 2009 B"]
[Site "www.moscowchessopen.ru"]
[Date "2009.02.06"]
[Round "7.183"]
[White "Lebedev, Roman"]
[Black "Staroselsky, Vladimir"]
[Result "1-0"]
[WhiteElo "1710"]
[BlackElo "1957"]
[Annotator ""]
[Source ""]
[Remark ""]

1.d4 Nf6 2.c4 e6 3.Nc3 b6 4.Bg5 h6 5.Bh4 Be7 6.Nf3 Bb7 7.e3 O-O
8.Bd3 c6 9.O-O Re8 10.Bxf6 Bxf6 11.Ne4 Be7 12.Rc1 d6 13.c5 d5
14.Ng3 Nd7 15.b4 b5 16.e4 a5 17.exd5 exd5 18.a3 g6 19.Bxb5 axb4
20.axb4 cxb5 21.c6 Bxc6 22.Rxc6 Bxb4 23.Qb3 Nb8 24.Rcc1 Qd6 25.Ne5
Ra3 26.Qb2 Kg7 27.h3 f6 28.Nf3 Re7 29.h4 h5 30.Rc8 Nd7 31.Rfc1
Ra6 32.Rb1 Ra4 33.Rbc1 Qa6 34.Qb3 Nb6 35.R8c6 Rd7 36.Qe3 Re7
37.Qf4 Rf7 38.Rxf6 Qb7 39.Rcc6 1-0

[Event "Moscow Open 2009 B"]
[Site "www.moscowchessopen.ru"]
[Date "2009.02.06"]
[Round "7.184"]
[White "Raondi, Yan-Martin"]
[Black "Mihnenko, Nikita"]
[Result "0-1"]
[WhiteElo "1702"]
[BlackElo "1955"]
[Annotator ""]
[Source ""]
[Remark ""]

1.Nf3 d5 2.g3 c6 3.Bg2 Bf5 4.O-O Nf6 5.d3 Nbd7 6.Nbd2 e5 7.Re1
Be6 8.e4 d4 9.Ng5 Bg4 10.f3 Bh5 11.c3 h6 12.Nh3 dxc3 13.bxc3
Nc5 14.Nf2 Nxd3 15.Nxd3 Qxd3 16.Qb3 Bc5+ 17.Kh1 O-O 18.g4 Bg6
19.Nc4 Rfe8 20.Rd1 Qe2 0-1

[Event "Moscow Open 2009 B"]
[Site "www.moscowchessopen.ru"]
[Date "2009.02.06"]
[Round "7.185"]
[White "Dudysheva, Yuliya"]
[Black "Buzukashvili, Sofia"]
[Result "0-1"]
[WhiteElo "1400"]
[BlackElo "1954"]
[Annotator ""]
[Source ""]
[Remark ""]

1.e4 c5 2.Nf3 d6 3.d4 cxd4 4.Nxd4 Nf6 5.Nc3 e6 6.Be3 Be7 7.f3
a6 8.g4 Qc7 9.h4 Nc6 10.Qd2 b5 11.O-O-O Ne5 12.g5 Nfd7 13.Rg1
Nb6 14.h5 Nbc4 15.Qf2 Nxe3 16.Qxe3 g6 17.f4 Nc4 18.Qe2 Bd7 19.f5
Rc8 20.fxe6 fxe6 21.Bh3 Nxb2 22.Ncxb5 axb5 23.Nxe6 Qc3 24.Ng7+
Kd8 25.Bxd7 Nc4 0-1

[Event "Moscow Open 2009 B"]
[Site "www.moscowchessopen.ru"]
[Date "2009.02.06"]
[Round "7.186"]
[White "Sarkisian, Vagan"]
[Black "Chinilov, Vladislav"]
[Result "0-1"]
[WhiteElo "1931"]
[BlackElo "1400"]
[Annotator ""]
[Source ""]
[Remark ""]

1.d4 f5 2.c4 Nf6 3.Nc3 e6 4.g3 d5 5.Bg2 c6 6.Nf3 Bd6 7.c5 Bc7
8.O-O O-O 9.Bd2 Ne4 10.b4 Bd7 11.Ne1 Qf6 12.Nxe4 fxe4 13.Be3
e5 14.Nc2 Bg4 15.f3 exf3 16.exf3 Bf5 17.dxe5 Bxe5 18.Bd4 Bxc2
19.Bxe5 Qxe5 20.Qxc2 Qd4+ 21.Kh1 Nd7 22.Rab1 Ne5 23.Rfd1 Qc4
24.Qf2 Rae8 25.Rb3 Re7 26.Bf1 Qg4 27.Rd4 Rxf3 28.Rxg4 Rxf2 29.Rf4
Rxa2 30.b5 cxb5 31.Rxb5 Nc4 32.c6 Nb6 33.cxb7 Rxb7 34.Rb3 Rf7
35.Rbf3 Rxf4 36.Rxf4 a5 37.Bh3 Re2 38.Bg4 Re4 39.Rxe4 dxe4 40.Be6+
Kf8 41.Bf5 a4 42.Bxe4 a3 43.Bb1 Na4 0-1

[Event "Moscow Open 2009 B"]
[Site "www.moscowchessopen.ru"]
[Date "2009.02.06"]
[Round "7.187"]
[White "Isakov, Sergey"]
[Black "Guseinov, Djelal"]
[Result "1/2-1/2"]
[WhiteElo "1400"]
[BlackElo "1928"]
[Annotator ""]
[Source ""]
[Remark ""]

1.d4 Nf6 2.Nf3 g6 3.c4 Bg7 4.Nc3 O-O 5.g3 d6 6.Bg2 Nbd7 7.O-O
e5 8.e4 c6 9.h3 Qb6 10.d5 cxd5 11.cxd5 Nc5 12.Qe2 Bd7 13.Be3
a5 14.a4 Rfc8 15.Rfb1 Qd8 16.Nd2 Ne8 17.Nb5 Bxb5 18.axb5 Nc7
19.Rc1 b6 20.Ra3 Qd7 21.Bf1 f5 22.f3 Rf8 23.Nc4 Rab8 24.Bxc5
bxc5 25.b6 Nb5 26.Rxa5 Nd4 27.Qg2 fxe4 28.fxe4 Qd8 29.Rc3 Qf6
30.Be2 Rb7 31.Ra7 Rxa7 32.bxa7 Nb5 33.Rf3 Qd8 34.Rxf8+ Bxf8 35.Nxe5
Nxa7 36.Nc6 Qc7 37.Qf3 Qb6 38.Kf1 Qxb2 39.Nd8 Qg7 40.Kg2 Nc8
41.Qg4 Qe5 42.h4 Ne7 43.h5 Bg7 44.hxg6 Nxg6 45.Kh3 Qf6 46.Ne6
Ne5 47.Qf4 Kf7 1/2-1/2

[Event "Moscow Open 2009 B"]
[Site "www.moscowchessopen.ru"]
[Date "2009.02.06"]
[Round "7.188"]
[White "Karev, Jurij"]
[Black "Kapov, Adam"]
[Result "0-1"]
[WhiteElo "1400"]
[BlackElo "1927"]
[Annotator ""]
[Source ""]
[Remark ""]

1.e4 e5 2.Nf3 Nc6 3.Bb5 a6 4.Bxc6 dxc6 5.d4 exd4 6.Qxd4 Qxd4
7.Nxd4 Nf6 8.f3 c5 9.Ne2 Bd7 10.Be3 O-O-O 11.Nd2 Be7 12.O-O-O
Bc6 13.Nc4 Bb5 14.b3 Bxc4 15.bxc4 Nd7 16.Kb2 Nb6 17.Kb3 Rhe8
18.Rxd8+ Rxd8 19.Nc3 c6 20.Rd1 Rxd1 21.Nxd1 Nd7 22.Bf2 Bd6 23.h3
Bf4 24.Ne3 Bxe3 25.Bxe3 b6 26.Bf4 Nf8 27.Kc3 Ne6 28.Be3 Kd7 29.f4
f6 30.Kd3 Kd6 31.c3 Nf8 32.Ke2 Ng6 33.g3 Nf8 0-1